000 00442nam a2200181Ia 4500
003 OSt
005 20230607181142.0
008 210423s2002 xx 000 0 und d
040 _cAL
041 _aeng
082 _a658.404
_223
_bDAUP
100 _aDAVIES (Michael).
_9115917
245 _aProject management.
260 _aNew Delhi
_bKogan Page Ltd
_c2002
365 _b195
_cINR
906 _amanagement. ; Project
942 _2ddc
_cBK
999 _c175359
_d175359